000 00706nam a2200265Ia 4500
005 20260121170804.0
008 008 260114s9999 xx 000 0 eng d
020 _a9789811318856
037 _aEBOOK
040 _aCRL
040 _beng
040 _cCRL
041 _2eng
041 _aeng
084 _qCRL
100 _aJianhua Liu, Zhaohua Jiang
_91068175
245 4 _aThe Synergy Theory on Economic Growth: Comparative Study Between China and Developed Countries
260 _bSpringer
260 _bSpringer
260 _c2018
856 _uhttps://link.springer.com/openurl?genre=book&isbn=978-981-13-1885-6
942 _cEBOOK
999 _c1633905
_d1633905